000 00386nam a22001217a 4500
999 _c9342
_d9342
003 OSt
008 201203b ||||| |||| 00| 0 eng d
245 _aThe Indian Concrete Journal
250 _a2019(Jan Vol.93 No.1, Feb Vol.93 No.2, Mar Vol.93 No.3, Apr Vol.93 No.4, May Vol.93 No.5, Jun Vol.93 No.6)
260 _aNew Delhi
_bACC Limited
650 _aCivil Engineering
942 _2ddc
_cBV